Welcome to WEB OPAC of MRSPTU Central Library

Engineering economy (Record no. 1253)

MARC details
000 -LEADER
fixed length control field 00387nam a2200157Ia 4500
008 - FIXED-LENGTH DATA ELEMENTS--GENERAL INFORMATION
fixed length control field 230711s9999||||xx |||||||||||||| ||und||
041 ## - LANGUAGE CODE
Language code of text/sound track or separate title ENG
082 ## - DEWEY DECIMAL CLASSIFICATION NUMBER
Classification number 621
Item number WI-E
100 ## - MAIN ENTRY--PERSONAL NAME
Personal name E.Paul DeGarmo
245 #0 - TITLE STATEMENT
Title Engineering economy
250 ## - EDITION STATEMENT
Edition statement 8th . . Ed.
260 ## - PUBLICATION, DISTRIBUTION, ETC.
Date of publication, distribution, etc. 1988
Place of publication, distribution, etc. New York
Name of publisher, distributor, etc. Macmillan USA
650 ## - SUBJECT ADDED ENTRY--TOPICAL TERM
Topical term or geographic name entry element Mechanical Engineering
700 ## - ADDED ENTRY--PERSONAL NAME
Personal name Sullivan, William G
942 ## - ADDED ENTRY ELEMENTS (KOHA)
Koha item type Book
Holdings
Withdrawn status Lost status Damaged status Not for loan Collection Home library Current library Date acquired Total checkouts Full call number Barcode Date last seen Price effective from Koha item type
          MRSPTU Central Library MRSPTU Central Library     621 WI-E 6176 08/17/2023 08/17/2023 Book
          MRSPTU Central Library MRSPTU Central Library     621 WI-E 6177 08/17/2023 08/17/2023 Book
          MRSPTU Central Library MRSPTU Central Library     621 WI-E 6178 08/17/2023 08/17/2023 Book
          MRSPTU Central Library MRSPTU Central Library     621 WI-E 6179 08/17/2023 08/17/2023 Book
          MRSPTU Central Library MRSPTU Central Library     621 WI-E 6180 08/17/2023 08/17/2023 Book
          MRSPTU Central Library MRSPTU Central Library     621 WI-E 6181 08/17/2023 08/17/2023 Book
          MRSPTU Central Library MRSPTU Central Library     621 WI-E 6182 08/17/2023 08/17/2023 Book
          MRSPTU Central Library MRSPTU Central Library     621 WI-E 6183 08/17/2023 08/17/2023 Book
          MRSPTU Central Library MRSPTU Central Library     621 WI-E 6184 08/17/2023 08/17/2023 Book
          MRSPTU Central Library MRSPTU Central Library     621 WI-E 6185 08/17/2023 08/17/2023 Book

Website Designed and Developed by MRSPTU Central Library Team

E-mail Id: librarian@mrsptu.ac.in